[Event "SF Deizisau 2 - SC Böblingen"]
[Site "?"]
[Date "2022.09.18"]
[Round "1.1"]
[White "Hirneise, Jens"]
[Black "Zilka, Stepan"]
[Result "0-1"]
[WhiteElo "2316"]
[BlackElo "2587"]
[PlyCount "90"]
[EventDate "2022.??.??"]

1. e4 c5 2. Nf3 d6 3. d4 cxd4 4. Nxd4 Nf6 5. Nc3 g6 6. Be2 Bg7 7. O-O O-O 8. Re1 Nc6 9. Be3 Bd7 10. h3 Rc8 11. Nb3 a6 12. a4 Na5 13. Bd4 Be6 14. Bf1 Nxb3 15. cxb3 Qa5 16. Ra3 Nd7 17. Bxg7 Kxg7 18. Nd5 Bxd5 19. exd5 Nf6 20. Rxe7 Rfe8 21. Rxe8 Rxe8 22. Ra1 Re5 23. Qf3 Re1 24. Rxe1 Qxe1 25. g3 Qe5 26. Bg2 Qxb2 27. Qe3 a5 28. Qb6 h5 29. Qxb7 h4 30. g4 Qa1+ 31. Kh2 Qe5+ 32. Kg1 Qe1+ 33. Bf1 Ne4 34. Qb6 Nd2 35. Qd4+ Kf8 36. Qd3 Ke7 37. g5 Qc1 38. f4 Kf8 39. Kg2 Qe1 40. Be2 Nxb3 41. Qxb3 Qxe2+ 42. Kg1 Qe1+ 43. Kg2 Qe4+ 44. Qf3 Qxa4 45. Qc3 Qxf4 0-1

[Event "SF Deizisau 2 - SC Böblingen"]
[Site "?"]
[Date "2022.09.18"]
[Round "1.2"]
[White "Koellner, Ruben Gideon"]
[Black "Seitz, Patrick"]
[Result "1-0"]
[WhiteElo "2401"]
[BlackElo "2152"]
[PlyCount "67"]
[EventDate "2022.??.??"]

1. d4 Nf6 2. Bg5 e6 3. Nd2 h6 4. Bh4 d5 5. e3 c5 6. c3 Nc6 7. Ngf3 Bd6 8. Bd3 e5 9. dxe5 Nxe5 10. Nxe5 Bxe5 11. Nf3 Bc7 12. Bxf6 gxf6 13. Nh4 Be6 14. Qf3 Be5 15. Bf5 Qd7 16. Rd1 O-O-O 17. O-O Rhg8 18. Qh3 Kb8 19. Rd2 Bc7 20. Rfd1 Rg5 21. Bxe6 Qxe6 22. Qf3 d4 23. exd4 cxd4 24. Rxd4 Rxd4 25. cxd4 Qxa2 26. Qxf6 a5 27. Qxh6 Qd5 28. g3 Ka7 29. Ng2 Qf3 30. Rc1 Rf5 31. Qe3 Bb6 32. Nh4 Qxe3 33. fxe3 Rb5 34. Rc2 1-0

[Event "SF Deizisau 2 - SC Böblingen"]
[Site "?"]
[Date "2022.09.18"]
[Round "1.3"]
[White "Mueller, Ralf"]
[Black "Dabo-Peranic, Robert"]
[Result "0-1"]
[WhiteElo "2352"]
[BlackElo "2305"]
[PlyCount "67"]
[EventDate "2022.??.??"]

1. d4 d5 2. c4 dxc4 3. e4 Nf6 4. e5 Nd5 5. Bxc4 Nc6 6. Nf3 Bg4 7. Nc3 e6 8. O-O Bxf3 9. Qxf3 Nb6 10. Bb5 Qd7 11. Rd1 a6 12. Bf1 O-O-O 13. Be3 Nb4 14. Rac1 Qe8 15. a3 N4d5 16. Ne4 c6 17. b4 h6 18. Bd3 Kb8 19. Qe2 f5 20. Nc5 g5 21. Rc2 Na8 22. Bd2 Ndc7 23. Rdc1 Nb5 24. Bxb5 cxb5 25. Qf3 Bxc5 26. bxc5 Qc6 27. Qd3 Rd5 28. Ba5 g4 29. Qe3 h5 30. Rc3 h4 31. Qf4 Rg8 32. Kf1 Rd7 33. Rd1 Ka7 34. Rd2 0-1

[Event "SF Deizisau 2 - SC Böblingen"]
[Site "?"]
[Date "2022.09.18"]
[Round "1.4"]
[White "Koellner, Aaron Noah"]
[Black "Tran, Thanh Kien"]
[Result "1-0"]
[WhiteElo "2196"]
[BlackElo "2125"]
[PlyCount "63"]
[EventDate "2022.??.??"]

1. d4 Nf6 2. Nf3 g6 3. Nbd2 Bg7 4. e4 O-O 5. Bc4 Nxe4 6. Nxe4 d5 7. Bd3 dxe4 8. Bxe4 c5 9. c3 Nd7 10. O-O Nf6 11. Bc2 Qc7 12. dxc5 Qxc5 13. Qe2 Bf5 14. Be3 Qa5 15. b4 Qc7 16. Bxf5 gxf5 17. Bd4 Ne4 18. Bxg7 Kxg7 19. c4 Rg8 20. Rac1 Kh8 21. Qb2+ f6 22. Qe2 a5 23. b5 b6 24. Nd4 Qc5 25. Qe3 Rad8 26. Rfd1 Ng5 27. Nc6 Rxd1+ 28. Rxd1 Qxc4 29. Nxe7 Qg4 30. Rd3 Re8 31. Ng6+ hxg6 32. Qxe8+ 1-0

[Event "SF Deizisau 2 - SC Böblingen"]
[Site "?"]
[Date "2022.09.18"]
[Round "1.5"]
[White "Schuh, Karsten"]
[Black "Ruf, Matthias"]
[Result "0-1"]
[WhiteElo "2169"]
[BlackElo "2335"]
[PlyCount "90"]
[EventDate "2022.??.??"]

1. Nf3 Nf6 2. c4 g6 3. b4 Bg7 4. Bb2 d6 5. g3 a5 6. a3 e5 7. Bg2 Nc6 8. b5 Ne7 9. O-O h5 10. h4 O-O 11. d3 Nd7 12. Qc2 Nc5 13. Nbd2 Bf5 14. e4 Bg4 15. d4 exd4 16. Nxd4 Qd7 17. Rae1 c6 18. N2b3 Nxb3 19. Qxb3 a4 20. Qc2 cxb5 21. Nxb5 Rfc8 22. Bxg7 Kxg7 23. Qd3 Ra6 24. Rc1 f6 25. Rfe1 Rc5 26. Nd4 Rb6 27. Rb1 Nc8 28. Nb5 Be6 29. Nd4 Bxc4 30. Qe3 Rxb1 31. Rxb1 b5 32. f4 Ne7 33. Kh2 Qe8 34. Bh3 Nc6 35. Nf3 Qe7 36. Rd1 Bb3 37. Re1 Rc2+ 38. Kg1 Qa7 39. Qxa7+ Nxa7 40. Nd4 Rc3 41. Bd7 Bc4 42. e5 fxe5 43. fxe5 dxe5 44. Rxe5 Rxa3 45. Kf2 Rd3 0-1

[Event "SF Deizisau 2 - SC Böblingen"]
[Site "?"]
[Date "2022.09.18"]
[Round "1.6"]
[White "Gustain, Marc"]
[Black "Schulte, Torsten"]
[Result "1-0"]
[WhiteElo "2194"]
[BlackElo "2049"]
[PlyCount "55"]
[EventDate "2022.??.??"]

1. e4 c5 2. Nf3 e6 3. Nc3 Nc6 4. d4 cxd4 5. Nxd4 Nf6 6. Ndb5 Bb4 7. a3 Bxc3+ 8. Nxc3 d5 9. exd5 exd5 10. Bd3 O-O 11. O-O d4 12. Ne2 Bg4 13. f3 Bc8 14. Bg5 Qd6 15. Qd2 Re8 16. Rad1 a6 17. Qf4 Qxf4 18. Nxf4 Nd7 19. Nd5 Re5 20. Nc7 Rb8 21. Bf4 Rh5 22. Rde1 Nf8 23. g4 Ra5 24. b4 Rxa3 25. b5 Nd8 26. Nd5 Ra8 27. Re8 Nde6 28. Bd6 1-0

[Event "SF Deizisau 2 - SC Böblingen"]
[Site "?"]
[Date "2022.09.18"]
[Round "1.8"]
[White "Brenner, Markus"]
[Black "Born, Mario"]
[Result "1/2-1/2"]
[WhiteElo "2089"]
[BlackElo "2198"]
[PlyCount "39"]
[EventDate "2022.??.??"]

1. e4 c6 2. c4 d5 3. cxd5 cxd5 4. exd5 Nf6 5. Qa4+ Nbd7 6. Nc3 g6 7. Nf3 Bg7 8. Bc4 O-O 9. d3 Nb6 10. Qb3 Bf5 11. O-O Rc8 12. Re1 h6 13. h3 Nfd7 14. Be3 Nc5 15. Bxc5 Rxc5 16. Qa3 Nxc4 17. dxc4 Rxc4 18. Qxe7 Rxc3 19. bxc3 Bxc3 20. Qxb7 1/2-1/2

[Event "SK Schmiden/Cannstatt - SG Schwäbisch G"]
[Site "?"]
[Date "2022.09.18"]
[Round "1.2"]
[White "Schmidt, Tobias"]
[Black "Jurek, Josef"]
[Result "1-0"]
[WhiteElo "2262"]
[BlackElo "2212"]
[PlyCount "80"]
[EventDate "2022.??.??"]

1. e4 c5 2. c3 Nf6 3. e5 Nd5 4. Nf3 e6 5. Bc4 d6 6. d4 cxd4 7. cxd4 Nc6 8. O-O Be7 9. Qe2 O-O 10. Re1 Na5 11. Bd3 Nb4 12. exd6 Qxd6 13. Be4 f5 14. Bd3 Nxd3 15. Qxd3 Nc6 16. Nc3 Bd7 17. Qe2 Rad8 18. Nb5 Qb8 19. g3 Nb4 20. Bf4 Qa8 21. Nc7 Qc8 22. d5 exd5 23. Qxe7 Nc2 24. Qh4 Nxa1 25. Nxd5 Rde8 26. Ne7+ Rxe7 27. Rxe7 h6 28. Bxh6 Rf7 29. Rxf7 Kxf7 30. Ne5+ Ke6 31. Bxg7 Bb5 32. Qh6+ Kd5 33. Qd2+ Ke6 34. h4 Qc7 35. Qg5 Qc2 36. Qf6+ Kd5 37. Qf7+ Kc5 38. Qc7+ Bc6 39. Nxc6 bxc6 40. Qxa7+ Kd6 1-0

[Event "SK Schmiden/Cannstatt - SG Schwäbisch G"]
[Site "?"]
[Date "2022.09.18"]
[Round "1.3"]
[White "Flajsman, Pavel"]
[Black "Trachtmann, Mark"]
[Result "1-0"]
[WhiteElo "2171"]
[BlackElo "2233"]
[PlyCount "93"]
[EventDate "2022.??.??"]

1. d4 g6 2. Nf3 Bg7 3. e4 d6 4. Be2 Nf6 5. Nc3 O-O 6. O-O Nc6 7. d5 Nb8 8. Be3 e5 9. dxe6 Bxe6 10. Nd4 Bd7 11. Qd2 Nc6 12. f3 Re8 13. Nxc6 Bxc6 14. Bg5 Qe7 15. Bc4 Qe5 16. Bb3 Nd7 17. Rad1 Nc5 18. Bd5 Bxd5 19. exd5 h5 20. Nb5 Na6 21. c3 Qe2 22. Qxe2 Rxe2 23. Rf2 Re5 24. Bf4 Re7 25. Kf1 Be5 26. Re2 Nc5 27. Bxe5 dxe5 28. c4 a6 29. Nc3 a5 30. d6 cxd6 31. Nd5 Re6 32. Nc7 Rd8 33. Nxe6 Nxe6 34. c5 Nd4 35. Re3 f6 36. cxd6 Rxd6 37. Rb3 b6 38. Rc3 Kf7 39. Kf2 Ke6 40. Rdc1 f5 41. Rc8 f4 42. g3 fxg3+ 43. hxg3 g5 44. Re1 Nc6 45. Rh8 Rd3 46. Rh6+ Kd5 47. Ke2 1-0

[Event "SK Schmiden/Cannstatt - SG Schwäbisch G"]
[Site "?"]
[Date "2022.09.18"]
[Round "1.4"]
[White "Holzhaeuer, Mathias"]
[Black "Weiss, Andreas"]
[Result "1/2-1/2"]
[WhiteElo "2246"]
[BlackElo "2130"]
[PlyCount "53"]
[EventDate "2022.??.??"]

1. e4 c5 2. Nc3 e6 3. f4 Nc6 4. Bb5 Nd4 5. Nf3 Nxb5 6. Nxb5 a6 7. Nc3 Ne7 8. O-O Nc6 9. d3 d6 10. Bd2 Be7 11. Ne2 O-O 12. Ng3 f5 13. c3 b5 14. Kh1 Rb8 15. a3 a5 16. d4 d5 17. exf5 exf5 18. dxc5 Bxc5 19. Be1 Qd6 20. Bf2 Bxf2 21. Rxf2 Be6 22. Ne2 b4 23. axb4 axb4 24. Ned4 Nxd4 25. Nxd4 bxc3 26. bxc3 Bd7 27. g3 1/2-1/2

[Event "SK Schmiden/Cannstatt - SG Schwäbisch G"]
[Site "?"]
[Date "2022.09.18"]
[Round "1.6"]
[White "Thoma, Christian"]
[Black "Pohl, Walter"]
[Result "1/2-1/2"]
[WhiteElo "2182"]
[BlackElo "2098"]
[PlyCount "84"]
[EventDate "2022.??.??"]

1. d4 Nf6 2. c4 e6 3. Nc3 d5 4. cxd5 exd5 5. Bg5 Be7 6. e3 O-O 7. Bd3 h6 8. Bh4 c6 9. Nge2 Ne4 10. Bxe7 Qxe7 11. Qc2 f5 12. O-O Nd7 13. Nf4 Qf7 14. f3 Nxc3 15. bxc3 g5 16. Nh3 Nb6 17. e4 f4 18. Nf2 Nc4 19. Bxc4 dxc4 20. Rfe1 Be6 21. a4 b6 22. e5 Bf5 23. Ne4 Qe6 24. Qe2 Kg7 25. Nf6 Bd3 26. Qd2 Rfd8 27. Kf2 Rab8 28. h4 Qf5 29. hxg5 hxg5 30. Rh1 Rh8 31. Rae1 Rxh1 32. Rxh1 Rh8 33. Rxh8 Kxh8 34. Qc1 Kg7 35. Qa3 c5 36. a5 Bb1 37. axb6 Qc2+ 38. Kg1 Qd1+ 39. Kh2 Qe1 40. Qxa7+ Kh6 41. Ng4+ Kg6 42. Qe7 Qg3+ 1/2-1/2

[Event "SK Schmiden/Cannstatt - SG Schwäbisch G"]
[Site "?"]
[Date "2022.09.18"]
[Round "1.7"]
[White "Bader, Gerd"]
[Black "Scheeff, Volker"]
[Result "1-0"]
[WhiteElo "2035"]
[BlackElo "2085"]
[PlyCount "84"]
[EventDate "2022.??.??"]

1. Nf3 d5 2. d3 Nf6 3. Nbd2 Nc6 4. e4 e5 5. c3 Be7 6. Be2 O-O 7. O-O Re8 8. b4 dxe4 9. dxe4 Bf8 10. Qc2 h6 11. Nc4 a6 12. a4 Bg4 13. Ba3 Nd7 14. b5 axb5 15. axb5 Ncb8 16. Be7 Bxe7 17. Rxa8 Bc5 18. h3 Bh5 19. Rd1 Qe7 20. Qd3 Kh7 21. Ne3 c6 22. bxc6 bxc6 23. Nf5 Qe6 24. Nd6 Rg8 25. Ng5+ hxg5 26. Bxh5 g6 27. Bg4 Qe7 28. Bxd7 Qxd7 29. Nc4 Qe6 30. Rb1 Qf6 31. Qf3 Nd7 32. Rxg8 Kxg8 33. Qxf6 Nxf6 34. Re1 g4 35. hxg4 Nxg4 36. Re2 Kg7 37. Kf1 Kf6 38. f3 Nh2+ 39. Ke1 g5 40. Ra2 g4 41. Ke2 Kg5 42. Nxe5 f6 1-0

[Event "TG Biberach - SK Schwäbisch Hall"]
[Site "?"]
[Date "2022.09.18"]
[Round "1.1"]
[White "Jacko, Vladimir"]
[Black "Sinz, Bernhard"]
[Result "1-0"]
[WhiteElo "2379"]
[BlackElo "2309"]
[PlyCount "97"]
[EventDate "2022.??.??"]

1. Nf3 f5 2. g3 Nf6 3. Bg2 e6 4. O-O d5 5. d3 c6 6. c4 dxc4 7. dxc4 Qxd1 8. Rxd1 Nbd7 9. Bf4 Bc5 10. e3 O-O 11. Nc3 Re8 12. Ne5 Nxe5 13. Bxe5 Nd7 14. Bd6 Bxd6 15. Rxd6 Ne5 16. b3 Nf7 17. Rd2 e5 18. f4 Be6 19. Rad1 exf4 20. exf4 Rad8 21. Na4 Bc8 22. Nc5 Kf8 23. Kf2 Rxd2+ 24. Rxd2 Rd8 25. Nd3 Ke7 26. Ke1 Kf6 27. Kd1 h6 28. Kc2 g5 29. Re2 Bd7 30. Nc5 Bc8 31. Bf3 Nd6 32. Nd3 Re8 33. Ne5 g4 34. Bg2 h5 35. c5 Ne4 36. Bxe4 fxe4 37. Rd2 Bf5 38. Rd6+ Kg7 39. Kd2 h4 40. Nc4 hxg3 41. hxg3 Rh8 42. Ne3 Bc8 43. Kc3 Rh3 44. Kd4 Rxg3 45. Kxe4 Rg1 46. f5 b6 47. Kf4 g3 48. Rxc6 g2 49. Rc7+ 1-0

[Event "TG Biberach - SK Schwäbisch Hall"]
[Site "?"]
[Date "2022.09.18"]
[Round "1.2"]
[White "Oberst, Thomas"]
[Black "Manoeuvre, Antoine"]
[Result "1-0"]
[WhiteElo "2258"]
[BlackElo "2320"]
[PlyCount "107"]
[EventDate "2022.??.??"]

1. c4 Nf6 2. Nc3 g6 3. g3 Bg7 4. Bg2 O-O 5. d3 d6 6. e4 a6 7. Nge2 c6 8. O-O Qa5 9. a3 c5 10. Bd2 Nc6 11. b4 cxb4 12. axb4 Qh5 13. Rb1 Bh3 14. Nf4 Qxd1 15. Rfxd1 Bxg2 16. Kxg2 e6 17. h4 Rfd8 18. b5 Nd4 19. Nce2 Nxe2 20. Nxe2 Nd7 21. Bg5 Rdc8 22. Be7 Bf8 23. Bxf8 Kxf8 24. Nc3 Nc5 25. bxa6 bxa6 26. d4 Nd7 27. Rb7 Ke8 28. e5 dxe5 29. Ne4 Rc6 30. dxe5 Nxe5 31. f4 Ng4 32. Rdd7 Nh6 33. Nd6+ Rxd6 34. Rxd6 Rc8 35. Rxa6 Kf8 36. Rb4 Nf5 37. Kf2 h5 38. Ra2 Nd6 39. Rc2 Rc5 40. Kf3 Ke7 41. Rc3 Kd7 42. Ra4 Kc7 43. Ke3 e5 44. fxe5 Rxe5+ 45. Kd4 f6 46. Rf3 Re4+ 47. Kd3 Rg4 48. Rxf6 Rxg3+ 49. Kd4 Nb5+ 50. Kc5 Nc3 51. Rf7+ Kb8 52. Rb4+ Ka8 53. Kc6 Re3 54. Rf8+ 1-0

[Event "TG Biberach - SK Schwäbisch Hall"]
[Site "?"]
[Date "2022.09.18"]
[Round "1.3"]
[White "Danada, Tomas"]
[Black "Mack, Wolfgang"]
[Result "1-0"]
[WhiteElo "2306"]
[BlackElo "2268"]
[PlyCount "115"]
[EventDate "2022.??.??"]

1. d4 g6 2. c4 Bg7 3. Nc3 d6 4. e4 e5 5. d5 f5 6. exf5 gxf5 7. Qh5+ Kf8 8. g3 Qe8 9. Qe2 Nf6 10. Nf3 Na6 11. Bh3 Qf7 12. Bd2 Nc5 13. Nh4 Nfe4 14. Nxe4 Nxe4 15. Be3 h6 16. f4 exf4 17. Bxf4 Ng5 18. Bg2 Bd7 19. O-O Kg8 20. Rae1 Rf8 21. b3 Bc3 22. Bd2 Bd4+ 23. Kh1 Be5 24. c5 Bc8 25. Qd3 Rh7 26. Be3 a6 27. Rc1 Qh5 28. Bf4 Re7 29. cxd6 cxd6 30. Bxe5 Rxe5 31. Rc7 Ne4 32. Qc2 Qe8 33. Qc1 Ng5 34. Nf3 Nxf3 35. Qxh6 Re7 36. Rxe7 Qxe7 37. Bxf3 Bd7 38. Qg6+ Kh8 39. Qh6+ Kg8 40. Qf4 Kg7 41. Kg2 Kg6 42. Qd4 Bb5 43. Rf2 Qe5 44. Qxe5 dxe5 45. Rd2 e4 46. Be2 Bxe2 47. Rxe2 Kg5 48. d6 Rd8 49. Rd2 Rd7 50. Kf2 Kg4 51. Ke3 a5 52. a4 b6 53. Rd5 Kh3 54. Kf4 Kxh2 55. Kxf5 e3 56. Ke6 Ra7 57. d7 Ra8 58. Re5 1-0

[Event "TG Biberach - SK Schwäbisch Hall"]
[Site "?"]
[Date "2022.09.18"]
[Round "1.4"]
[White "Fischer, Andre"]
[Black "Khalafova, Narmin"]
[Result "1-0"]
[WhiteElo "2268"]
[BlackElo "2279"]
[PlyCount "95"]
[EventDate "2022.??.??"]

1. e4 c5 2. Nf3 d6 3. Bb5+ Nd7 4. c3 a6 5. Ba4 Ngf6 6. Qe2 e6 7. O-O Be7 8. d4 b5 9. Bc2 Bb7 10. Nbd2 e5 11. b3 O-O 12. Bb2 Re8 13. d5 Nh5 14. g3 g6 15. c4 b4 16. Ne1 Ng7 17. Ng2 Bc8 18. Ne3 Rf8 19. f4 f6 20. f5 g5 21. h4 Qe8 22. Kg2 gxh4 23. g4 Kh8 24. Rh1 Rg8 25. Kf2 Nf8 26. Rxh4 Qd8 27. Rah1 Ne8 28. Qf3 Rg7 29. Qh3 Kg8 30. Nf3 Bd7 31. Bc1 a5 32. Nd1 a4 33. Bh6 axb3 34. Bxb3 Ba4 35. Bxg7 Bxb3 36. axb3 Nxg7 37. Rxh7 Nxh7 38. Qxh7+ Kf7 39. Qg6+ Kg8 40. Qh7+ Kf8 41. Qg6 Kg8 42. Rh7 Qf8 43. Qh6 Kf7 44. Nh4 Qg8 45. Ng6 Bf8 46. Nxf8 Qxf8 47. g5 Ra2+ 48. Ke1 1-0

[Event "TG Biberach - SK Schwäbisch Hall"]
[Site "?"]
[Date "2022.09.18"]
[Round "1.6"]
[White "Birkenmaier, Rainer"]
[Black "Bahmann, Micha"]
[Result "1/2-1/2"]
[WhiteElo "2087"]
[BlackElo "2070"]
[PlyCount "119"]
[EventDate "2022.??.??"]

1. d4 Nf6 2. Nf3 e6 3. Nbd2 d5 4. e3 c5 5. c3 Nc6 6. Bd3 Bd6 7. O-O e5 8. dxc5 Bxc5 9. e4 O-O 10. exd5 Qxd5 11. Qe2 Re8 12. Ne4 Nxe4 13. Bxe4 Qd6 14. Rd1 Qf6 15. Bg5 Qe6 16. b4 Bb6 17. a4 h6 18. Be3 Bxe3 19. Qxe3 a5 20. Qc5 Qe7 21. Qxe7 Nxe7 22. Nxe5 Ra6 23. Nd3 Re6 24. Re1 b6 25. bxa5 bxa5 26. Nc5 Rb6 27. Rab1 Rxb1 28. Rxb1 Nf5 29. f3 Nd6 30. Kf2 Re5 31. Rd1 Rxc5 32. Rxd6 Kf8 33. Rc6 Rxc6 34. Bxc6 Ke7 35. Ke3 Kd6 36. Be8 Be6 37. Kd4 Bb3 38. c4 f6 39. c5+ Kc7 40. f4 Ba2 41. h4 Be6 42. Ke4 Kd8 43. Bb5 Kc7 44. Kd4 Bb3 45. g4 Be6 46. g5 Bf7 47. Ke4 Be6 48. Kf3 Bf5 49. Ke3 Bg6 50. Kd4 Bh5 51. Bc4 Be8 52. Bb5 Bf7 53. Ke4 Bg6+ 54. Kd5 Bf7+ 55. Kd4 Bb3 56. Ke4 Be6 57. Be8 Kd8 58. Bc6 Kc7 59. Bb5 Kd8 60. Kd4 1/2-1/2

[Event "TG Biberach - SK Schwäbisch Hall"]
[Site "?"]
[Date "2022.09.18"]
[Round "1.7"]
[White "Krenedics, Gregor"]
[Black "Wunder, Fabian"]
[Result "1/2-1/2"]
[WhiteElo "1996"]
[BlackElo "2075"]
[PlyCount "126"]
[EventDate "2022.??.??"]

1. Nf3 Nf6 2. g3 b6 3. Bg2 Bb7 4. O-O e6 5. d4 Be7 6. c4 O-O 7. Nc3 Ne4 8. Qc2 Nxc3 9. bxc3 f5 10. Nd2 Bxg2 11. Kxg2 Qe8 12. f4 Qg6 13. Nf3 d6 14. Bd2 Nd7 15. Rae1 Nf6 16. Ng5 Ne4 17. Nxe4 fxe4 18. e3 c6 19. Rf2 d5 20. Qa4 Qe8 21. Rb1 Rf7 22. Qb3 Rc8 23. a4 Qd7 24. Bc1 Rff8 25. Qa2 Rc7 26. a5 bxa5 27. c5 Rb7 28. Rfb2 Rfb8 29. Qxa5 Rxb2+ 30. Rxb2 Rxb2+ 31. Bxb2 Qb7 32. Qb4 Qxb4 33. cxb4 g5 34. Bc1 gxf4 35. gxf4 Kf7 36. Kh3 Kg6 37. Bd2 Bd8 38. Be1 Kh5 39. Bf2 Be7 40. Bg3 a6 41. Be1 Bd8 42. Bf2 a5 43. bxa5 Bxa5 44. Kg3 Bd8 45. Kh3 Bf6 46. Be1 Bd8 47. Bf2 Kg6 48. Kg4 Ba5 49. Kh4 Bd8+ 50. Kg4 h5+ 51. Kh3 Kf5 52. Be1 Bc7 53. Bg3 Ba5 54. Kh4 Kg6 55. Bf2 Bd2 56. Kh3 Kf5 57. Kh4 Kg6 58. Kh3 Bb4 59. Kh4 Bc3 60. Kh3 Kf5 61. Kg3 Ba5 62. Kh4 Kg6 63. Kh3 Kf5 1/2-1/2

[Event "SV Jedesheim - SK Bebenhausen"]
[Site "?"]
[Date "2022.09.18"]
[Round "1.1"]
[White "Braun, Georg"]
[Black "Heidenfeld, Mark"]
[Result "1-0"]
[WhiteElo "2393"]
[BlackElo "2347"]
[PlyCount "73"]
[EventDate "2022.??.??"]

1. Nf3 d5 2. c4 e6 3. d4 Nf6 4. Nc3 b6 5. cxd5 Nxd5 6. e4 Nxc3 7. bxc3 Bb7 8. Bb5+ c6 9. Bd3 Be7 10. O-O O-O 11. c4 Nd7 12. Bf4 c5 13. d5 f5 14. Qe2 Nf6 15. exf5 exd5 16. Rad1 Nh5 17. Bc1 Bd6 18. Ng5 Nf6 19. Qe6+ Kh8 20. Nf7+ Rxf7 21. Qxf7 Ba6 22. Bg5 Qf8 23. Qxf8+ Rxf8 24. Bxf6 gxf6 25. Rc1 Bf4 26. Rc2 Rd8 27. g3 Be5 28. Rfc1 dxc4 29. Bxc4 b5 30. Bf1 c4 31. a4 Bc8 32. axb5 c3 33. Ra2 Bxf5 34. Rxa7 Bd4 35. Ra2 Rc8 36. Ra5 Rd8 37. b6 1-0

[Event "SV Jedesheim - SK Bebenhausen"]
[Site "?"]
[Date "2022.09.18"]
[Round "1.2"]
[White "Roemer, Ulrich"]
[Black "Braeuning, Rudolf Wilhelm"]
[Result "0-1"]
[WhiteElo "2209"]
[BlackElo "2218"]
[PlyCount "90"]
[EventDate "2022.??.??"]

1. d4 Nf6 2. Nf3 d5 3. e3 c6 4. c4 e6 5. Nc3 Bd6 6. Qc2 O-O 7. Bd2 Nbd7 8. O-O-O b5 9. e4 b4 10. e5 bxc3 11. Bxc3 Be7 12. exf6 Nxf6 13. Ne5 dxc4 14. Nxc6 Qc7 15. Nxe7+ Qxe7 16. Bxc4 Bb7 17. d5 Nxd5 18. Bxd5 Bxd5 19. Kb1 Qb7 20. Rd4 f5 21. Ka1 Rfc8 22. Rhd1 Rc5 23. g4 fxg4 24. Rxg4 Bf3 25. Qa4 Bxg4 26. Qxg4 Qf7 27. Rg1 e5 28. f4 Rxc3 29. bxc3 exf4 30. Rf1 Rf8 31. Rf3 Qc4 32. h4 h6 33. h5 Qe4 34. Rf1 Qe3 35. Qf3 Qxf3 36. Rxf3 Rf5 37. Kb2 Kf7 38. c4 Kf6 39. Kc3 Kg5 40. Kd4 Kxh5 41. c5 Kg4 42. Rf1 g5 43. c6 Rf8 44. Kd5 Kg3 45. c7 f3 0-1

[Event "SV Jedesheim - SK Bebenhausen"]
[Site "?"]
[Date "2022.09.18"]
[Round "1.3"]
[White "Frick, Christoph"]
[Black "Heinrici, Simon"]
[Result "1-0"]
[WhiteElo "2105"]
[BlackElo "2139"]
[PlyCount "103"]
[EventDate "2022.??.??"]

1. d4 d5 2. Bf4 e6 3. e3 Nf6 4. Nd2 Bd6 5. Bg3 c5 6. c3 Nc6 7. Ngf3 O-O 8. Bd3 Re8 9. Ne5 Bxe5 10. dxe5 Nd7 11. Nf3 f6 12. exf6 Nxf6 13. Ne5 Nxe5 14. Bxe5 Qe7 15. O-O b6 16. f4 g6 17. Qf3 Nd7 18. Qg3 Rf8 19. h4 Nxe5 20. fxe5 Bd7 21. h5 g5 22. Rf6 Rxf6 23. Qxg5+ Qg7 24. Qxg7+ Kxg7 25. exf6+ Kxf6 26. Bxh7 Kg5 27. Rf1 Kxh5 28. Rf7 Rd8 29. Kf2 Kg5 30. Bd3 a5 31. e4 dxe4 32. Bxe4 Bb5 33. Ke3 Bc4 34. a3 Bd5 35. Bd3 Rd6 36. g3 Bb3 37. Rf8 Ba4 38. Rg8+ Kf6 39. g4 Bd1 40. g5+ Kf7 41. Rh8 Bb3 42. Rc8 Bd5 43. Rc7+ Kg8 44. Bh7+ Kh8 45. Kf4 Bc4 46. Be4 Rd2 47. b4 axb4 48. axb4 Bd5 49. bxc5 b5 50. c6 b4 51. Rc8+ Kg7 52. c7 1-0

[Event "SV Jedesheim - SK Bebenhausen"]
[Site "?"]
[Date "2022.09.18"]
[Round "1.4"]
[White "Bossinger, Patrick"]
[Black "Hartmann, Martin"]
[Result "0-1"]
[WhiteElo "2013"]
[BlackElo "2125"]
[PlyCount "58"]
[EventDate "2022.??.??"]

1. e4 e5 2. Nc3 Nc6 3. Bc4 Nf6 4. d3 Bc5 5. Be3 Bb6 6. Nd5 Nxd5 7. Bxd5 d6 8. Qf3 O-O 9. c3 Be6 10. Bxe6 fxe6 11. Qh3 Qf6 12. Ne2 Ne7 13. O-O Ng6 14. Bxb6 axb6 15. Qe3 Qh4 16. d4 Ra5 17. dxe5 Nxe5 18. Nd4 Rf6 19. f4 Ng4 20. Qh3 Qxh3 21. gxh3 Ne3 22. Rf3 Nc4 23. b4 Rh5 24. Rd1 Rh4 25. Rdd3 Rhxf4 26. Rxf4 Rxf4 27. Nxe6 Rf7 28. Rd4 Ne3 29. Ng5 Rf1# 0-1

[Event "SV Jedesheim - SK Bebenhausen"]
[Site "?"]
[Date "2022.09.18"]
[Round "1.5"]
[White "Latzke, Boris"]
[Black "Natter, Markus"]
[Result "1-0"]
[WhiteElo "2179"]
[BlackElo "1975"]
[PlyCount "49"]
[EventDate "2022.??.??"]

1. d4 Nf6 2. c4 g6 3. Nc3 Bg7 4. e4 d6 5. f3 O-O 6. Be3 Nc6 7. Bd3 Nd7 8. Nge2 e5 9. Bc2 exd4 10. Nxd4 Nde5 11. Bb3 Nxd4 12. Bxd4 Be6 13. O-O Bxc4 14. Bxc4 Nxc4 15. Bxg7 Kxg7 16. Qd5 Ne5 17. Qxb7 Rb8 18. Qxa7 Rxb2 19. f4 Nc6 20. Qa4 Qd7 21. Nd5 Rfb8 22. h3 f6 23. Rac1 R8b6 24. Nxb6 Rxb6 25. Rc2 1-0

[Event "SV Jedesheim - SK Bebenhausen"]
[Site "?"]
[Date "2022.09.18"]
[Round "1.6"]
[White "Buechele, Johannes"]
[Black "Carstens, Andreas"]
[Result "1/2-1/2"]
[WhiteElo "1910"]
[BlackElo "2151"]
[PlyCount "59"]
[EventDate "2022.??.??"]

1. d4 Nf6 2. c4 g6 3. Nc3 Bg7 4. e4 d6 5. Nf3 O-O 6. Be2 Nbd7 7. O-O e5 8. Be3 Qe7 9. Qc2 c6 10. d5 c5 11. Ne1 Kh8 12. Nd3 a6 13. f3 Ng8 14. b4 b6 15. a4 a5 16. bxc5 bxc5 17. Nb5 Bh6 18. Bf2 f5 19. Nc1 Ndf6 20. Nb3 Nh5 21. g3 fxe4 22. fxe4 Bh3 23. Qc3 Bxf1 24. Rxf1 Ngf6 25. Bf3 Nd7 26. Nc7 Ra7 27. Nb5 Raa8 28. Nc7 Ra7 29. Nb5 Raa8 30. Nc7 1/2-1/2

[Event "SV Jedesheim - SK Bebenhausen"]
[Site "?"]
[Date "2022.09.18"]
[Round "1.7"]
[White "Roth, Juergen Eugen"]
[Black "Kinzig, Lars"]
[Result "1-0"]
[WhiteElo "2150"]
[BlackElo "1866"]
[PlyCount "59"]
[EventDate "2022.??.??"]

1. c4 c6 2. g3 d5 3. Bg2 Nf6 4. Nf3 g6 5. O-O Bg7 6. Qc2 O-O 7. d3 dxc4 8. Qxc4 Be6 9. Qh4 Bg4 10. Nc3 Bxf3 11. Bxf3 Nbd7 12. Qb4 Nb6 13. Be3 Re8 14. a4 Qc7 15. Rfc1 Nbd7 16. a5 a6 17. d4 e6 18. Bf4 e5 19. dxe5 Nxe5 20. Bg2 Qe7 21. Ra4 Rad8 22. Bxe5 Qxe5 23. Qxb7 Nd5 24. Qxa6 Nxc3 25. bxc3 Qxe2 26. Qxe2 Rxe2 27. Bxc6 Rdd2 28. a6 Ra2 29. a7 Rxa4 30. Bxa4 1-0

[Event "SV Jedesheim - SK Bebenhausen"]
[Site "?"]
[Date "2022.09.18"]
[Round "1.8"]
[White "Jaskulski, Jan"]
[Black "Waffenschmidt, Lars"]
[Result "1-0"]
[WhiteElo "1849"]
[BlackElo "2302"]
[PlyCount "79"]
[EventDate "2022.??.??"]

1. e4 e5 2. Nf3 Nc6 3. Bb5 a6 4. Ba4 Nf6 5. O-O Be7 6. Re1 b5 7. Bb3 d6 8. c3 O-O 9. h3 Nb8 10. d4 Nbd7 11. Nbd2 Bb7 12. Bc2 Re8 13. Nf1 Bf8 14. Ng3 g6 15. a4 Nb6 16. axb5 axb5 17. Rxa8 Qxa8 18. dxe5 dxe5 19. Qe2 b4 20. cxb4 Bxb4 21. Bd2 Bd6 22. Bc3 Na4 23. Qc4 Nxc3 24. bxc3 Qa7 25. Rd1 Bc8 26. Ng5 Rf8 27. Nxf7 Kg7 28. Nxd6 cxd6 29. Rxd6 Ne8 30. Rd2 Nc7 31. Nf1 Ne6 32. Ne3 Qe7 33. Rd5 Nf4 34. Rc5 Bxh3 35. Rc7 Bd7 36. Ba4 Rd8 37. Nd5 Qf7 38. Nxf4 Qxc4 39. Rxc4 Bxa4 40. Ne6+ 1-0

[Event "Stuttgarter SF 2 - TSV Schönaich 2"]
[Site "?"]
[Date "2022.09.18"]
[Round "1.2"]
[White "Beyer, Christian"]
[Black "Krassowizkij, Jaroslaw"]
[Result "0-1"]
[WhiteElo "2269"]
[BlackElo "2438"]
[PlyCount "100"]
[EventDate "2022.??.??"]

1. Nc3 d5 2. e4 e6 3. d4 Nf6 4. e5 Nfd7 5. f4 c5 6. Nf3 Nc6 7. Be3 cxd4 8. Nxd4 Qb6 9. Qd2 Qxb2 10. Rb1 Qa3 11. Bb5 Nxd4 12. Bxd4 a6 13. Bxd7+ Bxd7 14. Rb3 Qe7 15. Rxb7 Rc8 16. h4 Rc4 17. Rb3 Qd8 18. h5 Qc8 19. Qe3 a5 20. Rh3 a4 21. Rb1 Bb4 22. Rxb4 Rxb4 23. Bc5 Rc4 24. Bd6 Bc6 25. Qg3 Rg8 26. Ne2 Kd7 27. f5 Bb5 28. fxe6+ fxe6 29. Qf2 Ke8 30. Nd4 Rxd4 31. Qxd4 Qxc2 32. Re3 g5 33. Qc3 Qb1+ 34. Kd2 Qxa2+ 35. Kd1 Qb3+ 36. Qxb3 axb3 37. Kd2 Bc4 38. Rf3 g4 39. Rf6 d4 40. Rf4 g3 41. Rxd4 Bd5 42. Ke3 Kd7 43. Kf4 Bxg2 44. Rc4 Bc6 45. Rc1 g2 46. Bc5 Bd5 47. Bb6 Rc8 48. Ra1 b2 49. Rb1 Rc2 50. Bd4 Ba2 0-1